000 00876cam a2200133 4500500
005 20251012001536.0
041 _afre
042 _adc
100 1 0 _aMichaud, Yves
_eauthor
245 0 0 _aLa Géographie et la Démographie : N°01
260 _bOdile Jacob,
_c2002.
520 _aLes grandes questions que posent la géographie et la démographie aujourd’hui : l’homme et la ville à travers les enjeux de la croissance et de la mondialisation. L’Université de tous les savoirs : une approche contemporaine des différents domaines de la connaissance dans un esprit qui est à la fois celui du bilan encyclopédique et celui du questionnement d’avenir.Contributions, notamment, de Jean-Claude Chesnais, Olivier Mongin, Marcel Roncayolo
856 4 1 _uhttps://shs.cairn.info/la-geographie-et-la-demographie--9782738110541?lang=fr&redirect-ssocas=7080
999 _c1512634
_d1512634